Effective leadership: concepts and cases (Record no. 404897)

000 -LEADER
fixed length control field 00370cam a22001337a 4500
008 - FIXED-LENGTH DATA ELEMENTS--GENERAL INFORMATION
fixed length control field 180718b2004 xxu||||| |||| 00| 0 eng d
020 ## - INTERNATIONAL STANDARD BOOK NUMBER
International Standard Book Number 817881370X
082 ## - DEWEY DECIMAL CLASSIFICATION NUMBER
Classification number I51 R132
245 ## - TITLE STATEMENT
Title Effective leadership: concepts and cases
Statement of responsibility, etc. edited by V.V. Ramani
260 ## - PUBLICATION, DISTRIBUTION, ETC.
Place of publication, distribution, etc. Hyderabad
Name of publisher, distributor, etc. ICFAI Univ. Press
Date of publication, distribution, etc. 2004
300 ## - PHYSICAL DESCRIPTION
Extent 187p.
650 ## - SUBJECT ADDED ENTRY--TOPICAL TERM
Topical term or geographic name entry element Leadership
700 ## - ADDED ENTRY--PERSONAL NAME
Personal name Ramani, V.V.
Holdings
Withdrawn status Lost status Damaged status Not for loan Permanent Location Current Location Date acquired Full call number Barcode Date last seen Price effective from Koha item type
        Indian Institute of Public Administration Indian Institute of Public Administration 2005-12-07 I51 R132 80661 2018-07-21 2018-07-21 Book

Powered by Koha